Dân chủ hóa & phát huy nội lực

Gespeichert in:
Bibliographische Detailangaben
1. Verfasser: Hồ, Bá Thâm
Format: Buch
Sprache:Undetermined
Veröffentlicht: Thành phố Hồ Chí Minh Phương Dông 2007
Schlagworte:
Tags: Tag hinzufügen
Keine Tags, Fügen Sie den ersten Tag hinzu!
Thư viện lưu trữ: Trung tâm Học liệu Trường Đại học Cần Thơ
LEADER 00605nam a2200205Ia 4500
001 CTU_128806
008 210402s9999 xx 000 0 und d
020 |c 48000 
082 |a 324.2597075 
082 |b Th120 
100 |a Hồ, Bá Thâm 
245 0 |a Dân chủ hóa & phát huy nội lực 
245 0 |c Hồ Bá Thâm 
260 |a Thành phố Hồ Chí Minh 
260 |b Phương Dông 
260 |c 2007 
650 |a Democratic centralism,Communist party 
650 |z Vietnam.,Viet Nam 
904 |i Minh 
980 |a Trung tâm Học liệu Trường Đại học Cần Thơ